|
|
|
|
| LEADER |
00891nab a2200193 i 4500 |
| 001 |
misc13057 |
| 005 |
20191106141506.0 |
| 008 |
170607s1980 hu o 0|| hun d |
| 022 |
|
|
|a 0025-0260
|
| 040 |
|
|
|a SZTE Miscellanea Repozitórium
|b hun
|
| 041 |
|
|
|a hun
|
| 100 |
1 |
|
|a Somos Lajos
|
| 245 |
1 |
0 |
|a Tanítóképző intézetek tudományos közleményei XII.
|h [elektronikus dokumentum] :
|b szerkesztette Szekerczés Pál : Debrecen 1977. (1979.) 278 oldal : [könyvismertetés] /
|c Somos Lajos
|
| 260 |
|
|
|c 1980
|
| 300 |
|
|
|a 108-111
|
| 490 |
0 |
|
|a Magyar pedagógia : a Magyar Tudományos Akadémia Pedagógiai Bizottságának folyóirata
|v 80 No. 1
|
| 695 |
|
|
|a Pedagógiai szakirodalom magyar 1979, Tudományos közlemények, Tanítóképző intézetek, Könyvismertetés
|
| 700 |
0 |
1 |
|a Szekerczés Pál
|
| 856 |
4 |
0 |
|u http://misc.bibl.u-szeged.hu/13057/1/mp_1980_001_5476_108-111.pdf
|z Dokumentum-elérés
|